Score 0/20 Timer 04:00
1 Play Today
Hint Answer % Correct
UERTKYTurkey
96.9%
DOFOFood
96.2%
MPPKUNI IPEPumpkin Pie
95.2%
RCNOCorn
94%
AQUSHSSquash
93.4%
NWE WLRDONew World
90.7%
TSEFAFeast
87.5%
LAFIYMFamily
69.3%
HMOLTUPY RCOKPlymouth Rock
66.2%
IFGFTNUSStuffing
63%
Hint Answer % Correct
RIMSLIPGPilgrims
56.6%
AEPRADParade
54.3%
IOPUCNROACCornucopia
49.8%
EORBENVMNovember
42.9%
VEANTI NSAMAICERNative Americans
38%
TEEBAEVLGSVegetables
36.9%
WAFRLYMEOMayflower
33.7%
UTYAHSRDThursday
27.3%
RIIODNTATTradition
23.5%
DREITUGTAGratitude
14.4%
Remove Ads.
Support Sporcle.
Get the best of Sporcle when you Go Orange. This ad-free experience offers more features, more stats, and more fun while also helping to support Sporcle. Thank you for becoming a member.

You're not logged in!

Compare scores with friends on all Sporcle quizzes.
OR
Log In

Sporcle TV

Today on Sporcle TV


Watch our educational content, quiz creation guides, and fun videos on Sporcle TV.

Show Comments

Extras

Top Quizzes Today


Score Distribution

Paid Content

Your Account Isn't Verified!

In order to create a playlist on Sporcle, you need to verify the email address you used during registration. Go to your Sporcle Settings to finish the process.

Report this User

Report this user for behavior that violates our Community Guidelines.

Details: